000 00295nam a2200109Ia 4500
001 1276037
005 20260417160439.0
008 260417s9999 xx 000 0 und d
020 _a9786255998774
245 0 _aEn Sevgili’ye Kalpten Bir Mektup
_cJenny Moledyk Divleli
260 _bKetebe Çocuk
999 _c1276037
_d1276037